Anatomy and physiology (Record no. 393773)

MARC details
000 -LEADER
fixed length control field 00521 a2200205 4500
005 - DATE & TIME
control field 20260129101316.0
008 - FIXED-LENGTH DATA ELEMENTS--GENERAL INFORMATION
fixed length control field 260128b |||||||| |||| 00| 0 eng d
020 ## - ISBN
International Standard Book Number 9789358774818
Price Rs. 1200.00
040 ## - CATALOGING SOURCE
Original cataloging agency VIVEKANANDA LIBRARY
082 ## - DDC NUMBER
Classification number 612
Book Number K527A
100 ## - MAIN ENTRY--PERSONAL NAME
Personal name Khan, Mohd Tanveer
245 ## - TITLE STATEMENT
Title Anatomy and physiology
260 ## - PUBLICATION, DISTRIBUTION, ETC. (IMPRINT)
Name of publisher, distributor, etc Khel Sahitya Kendra
Date of publication, distribution, etc 2025
Place of publication, distribution, etc New Delhi
300 ## - PHYSICAL DESCRIPTION
Pages 256
650 ## - Subject
Subject Anatomy
650 ## - Subject
Subject Physiology
650 ## - Subject
Subject HUman Physiology
700 ## - Added Entry Personal Name
Added Entry Personal Name Khan, Salman Ahmed
942 ## - ADDED ENTRY ELEMENTS (KOHA)
Koha item type Books
Holdings
Withdrawn status Lost status Source of classification or shelving scheme Damaged status Not for loan Location (home branch) Sublocation or collection (holding branch) Shelving location Date acquired Koha issues (times borrowed) Koha full call number Accession No. Koha date last seen Koha item type
    Dewey Decimal Classification     VIVEKANANDA LIBRARY VIVEKANANDA LIBRARY Vivekananda Library 03/12/2025 1 612 K527A 443370 19/02/2026 Books
© Designed and Maintained by Vivekananda Library, MDU Rohtak